Paper Mario Sticker Star Things By Picture - Statistics

General Stats
  • This quiz has been taken 6 times
  • The average score is 49 of 64
Answer Stats
Picture Answer % Correct
Balloon
100%
Bat
100%
Bed
100%
Bowling Ball
100%
Cake
100%
Cell Phone
100%
Fan
100%
Flashlight
100%
Goat
100%
Hair Dryer
100%
High Heel
100%
Magnifying Glass
100%
Oven
100%
Pillow
100%
Scissors
100%
Shaved Ice
100%
Sponge
100%
Stapler
100%
Tape
100%
Trophy
100%
Trumpet
100%
Vacuum
100%
Violin
100%
Watering Can
100%
Boom Box
83%
Drum
83%
Faucet
83%
Fishhook
83%
Jackhammer
83%
Lightbulb
83%
Lighter
83%
Matches
83%
Newspaper
83%
Pocket Watch
83%
Radiator
83%
Refrigerator
83%
Rubber Ducky
83%
Soda
83%
Thumbtack
83%
Air Conditioner
67%
Basin
67%
Bellows
67%
Cat-o-Luck
67%
Curling Stone
67%
Guitar
67%
Squirt Gun
67%
Teapot
67%
Toy Bat
67%
Turkey
67%
Billiard Ball
50%
Mini Vacuum
50%
Paper Fan
50%
Sewing Scissors
50%
Upright Vacuum
50%
Watch Battery
50%
Car Battery
33%
Car Sponge
33%
D-Cell Battery
33%
Hair Shears
33%
Luxurious Bed
33%
Powder Puff
33%
Searchlight
33%
Square Can
33%
Tailor Shears
33%
No matching quizzes found
Score Distribution
Percent of People with Each Score
Percentile by Number Answered
Your Score History
You have not taken this quiz